Úrokové miery a ich význam v praxi bakalárska práca

Guardado en:
Detalles Bibliográficos
Autor principal: Ághová, Alexandra
Autor Corporativo: Fakulta hospodárskej informatiky EU. Katedra matematiky a aktuárstva
Otros Autores: Simonka, Zsolt, 1974-
Formato: Libro
Lenguaje:eslovaco
Publicado: Bratislava 2014
Etiquetas: Agregar Etiqueta
Sin Etiquetas, Sea el primero en etiquetar este registro!

MARC

LEADER 00000nbm a2200000 4500
001 0189838
005 20170201112045.4
041 0 |a slo 
044 |a SK 
245 1 0 |a Úrokové miery a ich význam v praxi  |b bakalárska práca  |c Alexandra Ághová ; školiteľ: Zsolt Simonka 
264 1 |a Bratislava  |c 2014 
300 |a 49 s. 
100 1 |a Ághová, Alexandra 
700 1 |a Simonka, Zsolt, 1974- 
710 2 |a Fakulta hospodárskej informatiky EU. Katedra matematiky a aktuárstva